000 00698nam a2200253Ia 4500
003 OSt
005 20220916111054.0
006 a|||||r|||| 00| 0
007 ta
008 220915b |||||||| |||| 00| 0 eng d
024 _a248146
037 _cTextbook
040 _beng
_aARTS
_cARTS
041 _aeng
082 _aR65, J6
100 _aBhattacharyya Krishnachandra
245 0 _aStudies in philosophy
260 _aCalcutta
_bProgessive Publishers India
300 _a366p.
_ccm.
650 _aPHILOSOPHY
700 _a Bhattacharyya Gopinath Ed.
942 _hR65, J6
_cTB
_2CC
999 _c104999
_d104999